<?xml version="1.0" encoding="UTF-8"?><marc:collection xmlns:marc="http://www.loc.gov/MARC21/slim">
  <marc:record>
    <marc:leader>00000nam  2200000za 4500</marc:leader>
    <marc:controlfield tag="001">9.822553</marc:controlfield>
    <marc:controlfield tag="003">CaOODSP</marc:controlfield>
    <marc:controlfield tag="005">20221107143713</marc:controlfield>
    <marc:controlfield tag="007">cr |||||||||||</marc:controlfield>
    <marc:controlfield tag="008">160812s2006    quc    |o    f|0| 0 eng d</marc:controlfield>
    <marc:datafield tag="040" ind1=" " ind2=" ">
      <marc:subfield code="a">CaOODSP</marc:subfield>
      <marc:subfield code="b">eng</marc:subfield>
    </marc:datafield>
    <marc:datafield tag="043" ind1=" " ind2=" ">
      <marc:subfield code="a">n-cn---</marc:subfield>
    </marc:datafield>
    <marc:datafield tag="086" ind1="1" ind2=" ">
      <marc:subfield code="a">CH6-55/2006E-PDF</marc:subfield>
    </marc:datafield>
    <marc:datafield tag="110" ind1="1" ind2=" ">
      <marc:subfield code="a">Canada. </marc:subfield>
      <marc:subfield code="b">Canadian Heritage.</marc:subfield>
    </marc:datafield>
    <marc:datafield tag="245" ind1="1" ind2="0">
      <marc:subfield code="a">Audit of the financial and procurement management of the Canadian Conservation Institute </marc:subfield>
      <marc:subfield code="h">[electronic resource] : </marc:subfield>
      <marc:subfield code="b">report / </marc:subfield>
      <marc:subfield code="c">Canadian Heritage.</marc:subfield>
    </marc:datafield>
    <marc:datafield tag="260" ind1=" " ind2=" ">
      <marc:subfield code="a">[Gatineau, Que. : </marc:subfield>
      <marc:subfield code="b">Canadian Heritage, </marc:subfield>
      <marc:subfield code="c">2006]</marc:subfield>
    </marc:datafield>
    <marc:datafield tag="300" ind1=" " ind2=" ">
      <marc:subfield code="a">32 p. : </marc:subfield>
      <marc:subfield code="b">tables.</marc:subfield>
    </marc:datafield>
    <marc:datafield tag="500" ind1=" " ind2=" ">
      <marc:subfield code="a">Issued also in French under title: Vérification de la gestion financière et de l'approvisionnement de l'Institut canadien de conservation.</marc:subfield>
    </marc:datafield>
    <marc:datafield tag="520" ind1=" " ind2=" ">
      <marc:subfield code="a">The Canadian Conservation Institute (CCI), a Special Operating Agency (SOA) within the department of Canadian Heritage (PCH), is a national centre of excellence in heritage preservation, committed to preserving Canada’s rich material cultural heritage and supporting conservation and heritage practices and institutions across Canada. Its objective is to promote proper care and preservation of Canada’s moveable cultural property and to advance the practice, science, and technology of conservation. As part of its services, CCI operates the Exhibit Transportation Services unit (ETS) to provide transportation and storage facilities for fine art and artifacts. The objective of this audit was to provide assurance that the processes and controls in place ensure that financial resources are managed economically and efficiently and the operations are carried out in compliance with the relevant authorities and policies governing the organization. The scope of the audit covered the 2004-2005 fiscal year. ...</marc:subfield>
    </marc:datafield>
    <marc:datafield tag="692" ind1="0" ind2="7">
      <marc:subfield code="2">gccst</marc:subfield>
      <marc:subfield code="a">Audit</marc:subfield>
    </marc:datafield>
    <marc:datafield tag="692" ind1="0" ind2="7">
      <marc:subfield code="2">gccst</marc:subfield>
      <marc:subfield code="a">Federal programs</marc:subfield>
    </marc:datafield>
    <marc:datafield tag="775" ind1="0" ind2="8">
      <marc:subfield code="t">Vérification de la gestion financière et de l'approvisionnement de l'Institut canadien de conservation </marc:subfield>
      <marc:subfield code="w">(CaOODSP)9.822555</marc:subfield>
    </marc:datafield>
    <marc:datafield tag="856" ind1="4" ind2="0">
      <marc:subfield code="q">PDF</marc:subfield>
      <marc:subfield code="s">90 KB</marc:subfield>
      <marc:subfield code="u">https://publications.gc.ca/collections/collection_2016/pch/CH6-55-2006-eng.pdf</marc:subfield>
    </marc:datafield>
  </marc:record>
</marc:collection>
